[Event "Chigorin Memorial Open"]
[Site "St Petersburg RUS"]
[Date "2011.10.14"]
[Round "1.81"]
[White "Shmoilov, Dmitry"]
[Black "Ovod, Evgenija"]
[Result "0-1"]
[BlackTitle "IM"]
[WhiteElo "1998"]
[BlackElo "2408"]
[WhiteFideId "24160342"]
[BlackFideId "4131827"]
[EventDate "2011.10.14"]

1. e4 e5 2. Nf3 Nc6 3. Bc4 Bc5 4. b4 Bxb4 5. c3 Ba5 6. d4 exd4 7. O-O d3 8. Qb3
Qf6 9. e5 Qg6 10. Rd1 Nge7 11. Bxd3 Qh5 12. Ba3 Nxe5 13. Bxe7 Nxf3+ 14. gxf3
Kxe7 15. Re1+ Kd8 16. Na3 c6 17. Nc4 Bc7 18. Qb4 Qxh2+ 19. Kf1 Qh3+ 20. Ke2 d5
21. Kd2 Qh6+ 22. Kc2 Qf6 23. Rad1 Bd7 24. Ne3 b6 25. Ng4 Qd6 26. Qb3 Qf4 27. c4
Qxf3 28. Ne5 Bxe5 29. Rxe5 Qxf2+ 30. Re2 Qc5 31. Kb1 d4 32. Qa4 a5 33. a3 Kc7
34. Rde1 Rhe8 0-1

[Event "Chigorin Memorial Open"]
[Site "St Petersburg RUS"]
[Date "2011.10.14"]
[Round "1.82"]
[White "Kanter, Eduard"]
[Black "Mitiushkin, Marat"]
[Result "1/2-1/2"]
[WhiteTitle "IM"]
[WhiteElo "2406"]
[BlackElo "1995"]
[WhiteFideId "4103963"]
[BlackFideId "4141849"]
[EventDate "2011.10.14"]

1. d4 Nf6 2. c4 e6 3. Nf3 b6 4. a3 Bb7 5. Nc3 Be7 6. d5 O-O 7. e4 d6 8. Be2 e5
9. O-O a5 10. Rb1 Nbd7 11. b4 axb4 12. axb4 Bc8 13. Ne1 Ne8 14. g3 g6 15. Bh6
Ng7 16. Nd3 f5 17. f4 fxe4 18. Nxe4 exf4 19. Ra1 Rxa1 20. Qxa1 Nf6 21. g4 f3 22.
Bxf3 Nfe8 23. h3 Bd7 24. Qd4 Qc8 25. Nf4 Rf7 26. Bg2 Qa8 27. Ra1 Qc8 28. Re1 Bh4
29. Rf1 Qa8 30. Ng5 Rf8 31. Nfe6 Rxf1+ 32. Kxf1 Qa3 33. Ne4 Nxe6 34. dxe6 Bxe6
35. Kg1 c5 36. bxc5 bxc5 37. Qd2 Qa1+ 38. Kh2 Qd4 39. Qf4 Be7 40. Nd2 Qxf4+ 41.
Bxf4 g5 42. Bg3 Nf6 43. Kg1 h5 44. gxh5 Nxh5 45. Bh2 Nf4 46. Bxf4 gxf4 47. Kf2
Bf6 48. Bd5 Bxd5 49. cxd5 Kf7 50. Nc4 Be5 51. Kf3 Ke7 52. Kg4 Kf6 53. h4 f3 54.
Kxf3 Bh2 55. Kg4 Kg6 56. Kh3 Be5 57. Kg4 Bh2 58. Nd2 Kf6 59. Nc4 1/2-1/2

[Event "Chigorin Memorial Open"]
[Site "St Petersburg RUS"]
[Date "2011.10.14"]
[Round "1.83"]
[White "Dushin, Nikolay"]
[Black "Ponfilenok, Vladimir"]
[Result "0-1"]
[WhiteElo "1993"]
[BlackElo "2402"]
[WhiteFideId "4114612"]
[BlackFideId "24113522"]
[EventDate "2011.10.14"]

1. Nf3 e6 2. c4 f5 3. g3 Nf6 4. Bg2 d5 5. cxd5 exd5 6. O-O Bd6 7. Nc3 O-O 8. e3
c6 9. Qc2 Qe7 10. a3 Nbd7 11. b4 Ne5 12. Nxe5 Bxe5 13. Bb2 Ne4 14. Ne2 Bd7 15.
Bxe5 Qxe5 16. f4 Qe7 17. Nd4 a5 18. Bxe4 fxe4 19. Qc5 Rfe8 20. Qxe7 Rxe7 21.
Rfb1 Bc8 22. Nb3 a4 23. Nd4 Kf7 24. Kg2 Bd7 25. h3 Ree8 26. g4 Ke7 27. Rc1 Kd6
28. Kg3 b6 29. Rab1 Rab8 30. Kf2 c5 31. Ne2 Bb5 32. Ng3 g6 33. h4 Bd3 34. Rb2
Rec8 35. b5 Rf8 36. g5 h5 37. Rh1 Rh8 38. Ne2 Ra8 39. Nc3 Ra5 40. Re1 Rf8 41.
Kg3 Ke6 42. Rc1 Rd8 43. Re1 Kf5 44. Rc1 Rd6 45. Re1 d4 46. exd4 Rxd4 47. Nd1 Ra8
48. Ne3+ Ke6 49. f5+ gxf5 50. Kf4 Rf8 51. Rg1 Rd7 52. g6 Rg7 53. Rg5 Rf6 54.
Rxh5 Rgxg6 55. Rh8 Rh6 56. Re8+ Kf7 57. Rb8 Rxh4+ 58. Kg5 Rhh6 59. Rb7+ Ke8 60.
Kf4 Kd8 61. Ra2 Kc8 62. Ra7 Bxb5 63. Rb2 Bd7 64. Rb1 Re6 65. Rg1 Rh4+ 66. Kg5
Rh7 67. Ra8+ Kc7 68. Rg8 f4 69. Kxf4 Rf7+ 70. Kg3 Rd6 71. Rg2 Rh6 72. Rf2 Rh3+
73. Kg2 Rh2+ 74. Kxh2 Rxf2+ 75. Rg2 Rxg2+ 76. Kxg2 b5 77. Kf2 b4 78. axb4 cxb4
79. Nc2 b3 80. Na3 Kb6 81. Ke3 Kc5 82. Kxe4 0-1

[Event "Chigorin Memorial Open"]
[Site "St Petersburg RUS"]
[Date "2011.10.14"]
[Round "1.84"]
[White "Hayrapetian, Ovik"]
[Black "Pershin, Denis"]
[Result "1-0"]
[WhiteTitle "IM"]
[WhiteElo "2398"]
[BlackElo "1984"]
[WhiteFideId "13302639"]
[BlackFideId "24165506"]
[EventDate "2011.10.14"]

1. d4 Nf6 2. Nf3 e6 3. c4 b6 4. g3 Ba6 5. Qc2 c5 6. Bg2 Bb7 7. O-O Nc6 8. dxc5
bxc5 9. Nc3 Be7 10. Rd1 O-O 11. b3 Qc8 12. Bf4 Rd8 13. Bd6 Nd4 14. Rxd4 cxd4 15.
Bxe7 dxc3 16. Bxd8 Qxd8 17. Qxc3 Ne4 18. Qd4 d5 19. cxd5 Bxd5 20. Ne5 Bb7 21.
Rd1 Qxd4 22. Rxd4 Nc5 23. Bxb7 Nxb7 24. Nxf7 Kxf7 25. Rd7+ Kf6 26. Rxb7 a5 27.
a4 Rc8 28. Rb5 Rc1+ 29. Kg2 Rb1 30. f4 h6 31. h4 g6 32. g4 1-0

[Event "Chigorin Memorial Open"]
[Site "St Petersburg RUS"]
[Date "2011.10.14"]
[Round "1.85"]
[White "Nasybullina, Alfia"]
[Black "Solovjov, Sergey I."]
[Result "0-1"]
[BlackTitle "IM"]
[WhiteElo "1978"]
[BlackElo "2398"]
[WhiteFideId "4132416"]
[BlackFideId "4122780"]
[EventDate "2011.10.14"]

1. d4 Nf6 2. c4 g6 3. Nc3 Bg7 4. e4 d6 5. Be2 O-O 6. Be3 e5 7. d5 a5 8. c5 Na6
9. cxd6 cxd6 10. Bxa6 Rxa6 11. f3 b5 12. Nxb5 Nxe4 13. fxe4 Qh4+ 14. Ke2 Qxe4
15. Nf3 Qc4+ 16. Qd3 Qxd3+ 17. Kxd3 e4+ 18. Kxe4 Bf5+ 19. Kf4 Bh6+ 20. Ng5 f6
21. Bd4 Bxg5+ 22. Kf3 Rc8 23. h4 Bh6 24. Bxf6 Rf8 25. Nc7 Rxf6 26. Nxa6 Bd3+ 27.
Kg4 Bxa6 28. Kg3 Bf4+ 29. Kh3 Be5 30. Rac1 Rf2 31. Rc7 Bf1 32. Rg1 Rf3+ 0-1

[Event "Chigorin Memorial Open"]
[Site "St Petersburg RUS"]
[Date "2011.10.14"]
[Round "1.86"]
[White "Mikhalchenko, Petr"]
[Black "Nezbailo, Dmitry"]
[Result "1-0"]
[WhiteElo "2395"]
[BlackElo "1966"]
[WhiteFideId "4177657"]
[BlackFideId "4199057"]
[EventDate "2011.10.14"]

1. d4 e6 2. Nf3 f5 3. Bf4 Nf6 4. h3 b6 5. g4 Bb7 6. Rg1 g6 7. e3 d6 8. c4 Nbd7
9. gxf5 exf5 10. d5 a5 11. Nd4 Qe7 12. Nc3 Bg7 13. Ncb5 Nc5 14. Bd3 Nfe4 15. Qc2
Be5 16. Bxe4 Nxe4 17. Bxe5 dxe5 18. Ne6 Rc8 19. O-O-O c6 20. Nec7+ Rxc7 21. d6
Nxd6 22. Nxd6+ Kf8 23. Nxf5 Qf6 24. Rd6 Qxf5 25. Qxf5+ gxf5 26. Rd8+ Kf7 27.
Rxh8 Kf6 28. Rf8+ Rf7 29. Rgg8 Rxf8 30. Rxf8+ Ke6 31. Rb8 Ba6 32. b3 b5 33. Rb6
Bc8 34. Rxc6+ 1-0

[Event "Chigorin Memorial Open"]
[Site "St Petersburg RUS"]
[Date "2011.10.14"]
[Round "1.87"]
[White "Sazonova, Anastasia"]
[Black "Pankov, German"]
[Result "0-1"]
[BlackTitle "FM"]
[WhiteElo "1963"]
[BlackElo "2392"]
[WhiteFideId "24131008"]
[BlackFideId "4174569"]
[EventDate "2011.10.14"]

1. e4 c5 2. Nf3 Nc6 3. d4 cxd4 4. Nxd4 g6 5. Nc3 Bg7 6. Nde2 Nf6 7. g3 b5 8. a3
O-O 9. Bg2 Rb8 10. O-O d6 11. h3 Nd7 12. Kh2 Nc5 13. f4 Bd7 14. Be3 Na4 15. Rb1
Nxc3 16. Nxc3 b4 17. Nd5 bxa3 18. bxa3 Rxb1 19. Qxb1 e6 20. Nb4 Nd4 21. Rd1 Nb5
22. Qb3 Qc7 23. Qd3 Rc8 24. Rd2 Bc3 25. Rf2 Nxa3 26. Na2 Bb2 27. Qa6 Bb5 28.
Qxa7 Qxa7 29. Bxa7 Rxc2 30. Nb4 Rxf2 31. Bxf2 Bc3 32. Na2 Bd2 33. Bd4 Nb1 34.
Bb2 Bc4 35. Nc1 h5 36. Bf3 h4 37. Ne2 hxg3+ 38. Kxg3 Be1+ 39. Kg2 Nd2 40. Nd4
Bf1+ 41. Kg1 Bxh3 42. Bh1 Nc4 43. Bc1 Bg4 44. Kf1 Bc3 45. Nc2 Bh5 46. Ne3 Nd2+
47. Kf2 Nb3 48. Ba3 Bd4 49. Bxd6 Nd2 50. Be5 Bc5 51. f5 Nc4 52. Bf4 e5 53. Bg5
f6 54. Bxf6 Bxe3+ 55. Kg3 g5 56. Bf3 Bf4+ 57. Kf2 Bxf3 58. Kxf3 Nd2+ 59. Kg4
Nxe4 60. Bd8 Kf7 61. f6 Nxf6+ 62. Kf5 Ne8 63. Bxg5 Nd6+ 0-1

[Event "Chigorin Memorial Open"]
[Site "St Petersburg RUS"]
[Date "2011.10.14"]
[Round "1.90"]
[White "Sychev, Klementy"]
[Black "Zheleznaykov, Peter"]
[Result "1-0"]
[WhiteElo "2389"]
[BlackElo "1955"]
[WhiteFideId "4114060"]
[BlackFideId "24104620"]
[EventDate "2011.10.14"]

1. e4 e6 2. d4 d5 3. Nc3 Nf6 4. Bg5 Be7 5. e5 Nfd7 6. h4 Bxg5 7. hxg5 Qxg5 8.
Nh3 Qe7 9. Qg4 f5 10. Qg3 Nf8 11. Nf4 Bd7 12. Ncxd5 exd5 13. Nxd5 f4 14. Qc3 Qg5
15. Nxc7+ Kd8 16. Nxa8 Nc6 17. Bb5 Qxg2 18. O-O-O Qxf2 19. d5 Nd4 20. Rxd4 Bxb5
21. Qc7+ Ke8 22. e6 Qxd4 23. Qf7+ 1-0

[Event "Chigorin Memorial Open"]
[Site "St Petersburg RUS"]
[Date "2011.10.14"]
[Round "1.91"]
[White "Bezulenko, Evgeny"]
[Black "Serov, Maksim"]
[Result "0-1"]
[WhiteElo "1953"]
[BlackElo "2388"]
[WhiteFideId "24105996"]
[BlackFideId "4181905"]
[EventDate "2011.10.14"]

1. f4 d5 2. Nf3 g6 3. d4 Bg7 4. e3 Nf6 5. Bd3 O-O 6. O-O c5 7. c3 b6 8. a4 c4 9.
Bc2 Nc6 10. Nbd2 Bf5 11. Ne5 Qc8 12. h3 Na5 13. g4 Bxc2 14. Qxc2 Nb7 15. g5 Nh5
16. Ng4 Nd6 17. Rf3 f6 18. gxf6 exf6 19. e4 dxe4 20. Nxe4 Qf5 21. Ngf2 Rae8 22.
Re3 Nxe4 23. Nxe4 Nxf4 24. Qh2 Rxe4 25. Rxe4 Nxh3+ 26. Kg2 Qxe4+ 27. Kxh3 Qf3+
28. Qg3 Qh1+ 29. Qh2 Qd1 30. Qg2 f5 31. Qd5+ Kh8 32. b3 Re8 33. Qg2 Qh5+ 34. Kg3
Qg4+ 0-1

[Event "Chigorin Memorial Open"]
[Site "St Petersburg RUS"]
[Date "2011.10.14"]
[Round "1.92"]
[White "Kashlinskaya, Alina"]
[Black "Tokabayev, A"]
[Result "1-0"]
[WhiteTitle "WGM"]
[WhiteElo "2385"]
[BlackElo "1950"]
[WhiteFideId "4198026"]
[BlackFideId "13705210"]
[EventDate "2011.10.14"]

1. d4 Nf6 2. c4 e6 3. Nc3 Bb4 4. e3 c5 5. Ne2 cxd4 6. exd4 O-O 7. a3 Be7 8. Nf4
b6 9. Be2 d5 10. O-O Bb7 11. Bf3 Qd7 12. cxd5 exd5 13. Re1 Re8 14. Nd3 Na6 15.
Ne5 Qd8 16. Qd3 Nc7 17. Bd2 Ne6 18. Rad1 a6 19. Bc1 Rc8 20. h4 b5 21. h5 h6 22.
Nxf7 Kxf7 23. Qg6+ Kg8 24. Rxe6 Bf8 25. Rde1 Rxe6 26. Rxe6 Qd7 27. Rxf6 1-0

[Event "Chigorin Memorial Open"]
[Site "St Petersburg RUS"]
[Date "2011.10.14"]
[Round "1.93"]
[White "Andreeva, Yulia"]
[Black "Vlasenko, Miroslav"]
[Result "0-1"]
[BlackTitle "IM"]
[WhiteElo "1940"]
[BlackElo "2382"]
[WhiteFideId "4108302"]
[BlackFideId "4151887"]
[EventDate "2011.10.14"]

1. d4 Nc6 2. Nf3 d5 3. Bf4 Bg4 4. e3 e6 5. Nbd2 Bd6 6. Bxd6 cxd6 7. Be2 Nf6 8.
O-O O-O 9. Ne1 Bxe2 10. Qxe2 e5 11. dxe5 dxe5 12. Nb3 Qb6 13. Nf3 Rac8 14. a4 a6
15. Rfd1 Rfe8 16. a5 Qb4 17. Qd2 Qc4 18. Ne1 e4 19. Nd4 Ne5 20. b3 Qc7 21. Ne2
Neg4 22. Ng3 h5 23. h3 h4 24. Nf1 Ne5 25. Nh2 Rcd8 26. f4 Nc6 27. Qc3 d4 28. Qd2
Nd5 29. exd4 e3 30. Qc1 Nxf4 31. Kh1 Nxd4 32. Rxd4 Rxd4 33. Nhf3 Ne2 34. Qb2
Ng3+ 35. Kg1 Rf4 36. c4 Rd8 37. Qc2 e2 38. c5 Qe5 39. Rc1 Qe3+ 40. Kh2 Rd2 41.
Qb1 Rxf3 42. Nxf3 Qxf3 0-1

[Event "Chigorin Memorial Open"]
[Site "St Petersburg RUS"]
[Date "2011.10.14"]
[Round "1.94"]
[White "Yuffa, Daniil"]
[Black "Sirletti, Sonia"]
[Result "1-0"]
[WhiteTitle "FM"]
[WhiteElo "2378"]
[BlackElo "1940"]
[WhiteFideId "24131423"]
[BlackFideId "814210"]
[EventDate "2011.10.14"]

1. Nf3 Nf6 2. d4 d5 3. c4 e6 4. e3 Be7 5. Bd3 O-O 6. O-O b6 7. cxd5 exd5 8. Ne5
c5 9. Nc3 c4 10. Bxc4 dxc4 11. Qf3 Nd5 12. Nxd5 Bb7 13. Nf6+ gxf6 14. Qxb7 fxe5
15. Qxa8 Qd7 16. Qf3 Nc6 17. d5 Nb4 18. e4 f6 19. Bh6 Rf7 20. b3 cxb3 21. Qxb3
Na6 22. d6 Bf8 23. Bxf8 Kxf8 24. Rfd1 Nc5 25. Qe3 Kg8 26. Rac1 Ne6 27. Qh3 Nc5
28. Qh4 Qe6 29. Rc3 Rg7 30. Rg3 Nd7 31. Qh6 Rxg3 32. hxg3 a5 33. Qc1 Nc5 34.
Qxc5 1-0

[Event "Chigorin Memorial Open"]
[Site "St Petersburg RUS"]
[Date "2011.10.14"]
[Round "1.96"]
[White "Karasev, Vladimir I"]
[Black "Chuprova, Irina"]
[Result "1-0"]
[WhiteTitle "IM"]
[WhiteElo "2372"]
[BlackElo "1919"]
[WhiteFideId "4103971"]
[BlackFideId "24138584"]
[EventDate "2011.10.14"]

1. e3 d5 2. Nc3 c5 3. Nf3 Nc6 4. Bb5 Nf6 5. Ne5 Bd7 6. Bxc6 Bxc6 7. Nxc6 bxc6 8.
O-O e5 9. d3 Bd6 10. e4 O-O 11. Bg5 Be7 12. Qf3 d4 13. Bxf6 Bxf6 14. Na4 Be7 15.
b3 Qd7 16. Rae1 Bd6 17. Nb2 f5 18. Qh3 Rf6 19. Nc4 Bc7 20. exf5 Rh6 21. Qg4 e4
22. g3 exd3 23. Re6 Rxe6 24. fxe6 Qe7 25. cxd3 a5 26. Qe4 Ra6 27. Re1 a4 28.
bxa4 Rxa4 29. a3 Ra6 30. Rb1 1-0

[Event "Chigorin Memorial Open"]
[Site "St Petersburg RUS"]
[Date "2011.10.14"]
[Round "1.97"]
[White "Evsyukov, Aleksey"]
[Black "Sichinava, Zviad"]
[Result "0-1"]
[WhiteElo "1902"]
[BlackElo "2372"]
[WhiteFideId "24159557"]
[BlackFideId "24111716"]
[EventDate "2011.10.14"]

1. e4 e6 2. d4 d5 3. Nc3 Bb4 4. e5 c5 5. a3 Ba5 6. Bd2 cxd4 7. Nb5 Bc7 8. Nf3
Nc6 9. Bf4 Bb8 10. Nbxd4 Nge7 11. Nxc6 bxc6 12. c3 Ng6 13. Bg3 Qb6 14. b4 O-O
15. Qd4 f5 16. exf6 gxf6 17. Bxb8 Rxb8 18. Qxb6 axb6 19. h4 e5 20. h5 Ne7 21.
O-O-O c5 22. Rd2 Be6 23. Ne1 Rfc8 24. Kb2 Ra8 25. g3 d4 26. cxd4 cxb4 27. Nc2
bxa3+ 28. Nxa3 Ra4 29. Rc2 Rb4+ 30. Kc1 Ra8 31. Rb2 Rxd4 32. Nc2 Rc8 33. Ba6 Rc7
34. Rxb6 Bf5 35. Rb2 Ra4 36. Bb7 Bxc2 0-1

[Event "Chigorin Memorial Open"]
[Site "St Petersburg RUS"]
[Date "2011.10.14"]
[Round "1.98"]
[White "Monin, Nikolay"]
[Black "Platonova, Lubov"]
[Result "1-0"]
[WhiteTitle "IM"]
[WhiteElo "2365"]
[BlackElo "1901"]
[WhiteFideId "4104013"]
[BlackFideId "4178769"]
[EventDate "2011.10.14"]

1. d4 Nf6 2. c4 g6 3. Nc3 Bg7 4. e4 d6 5. f4 O-O 6. Nf3 Nc6 7. d5 Nb8 8. Be2
Nbd7 9. O-O e5 10. fxe5 dxe5 11. Kh1 h6 12. Rb1 a5 13. b3 Nc5 14. Nd2 Ne8 15. a3
f5 16. b4 axb4 17. axb4 Nxe4 18. Ndxe4 fxe4 19. Rxf8+ Bxf8 20. c5 Nf6 21. h3 b6
22. Be3 Bb7 23. Bc4 Kh7 24. Qd2 Ba6 25. Qe2 Bc8 26. Kg1 Bd7 27. Rd1 Qb8 28. Rf1
Qd8 29. Qf2 Bg7 30. cxb6 cxb6 31. Bxb6 Qc8 32. Bc5 Ra3 33. Qb2 Ra8 34. Kh2 e3
35. Re1 e4 36. Rxe3 Rb8 37. Qe2 Rxb4 38. Bxb4 Qb8+ 39. g3 Qxb4 40. Nxe4 Ne8 41.
h4 Qb1 42. h5 Bd4 43. Nd2 Qf5 44. hxg6+ Kg7 45. Re7+ 1-0

[Event "Chigorin Memorial Open"]
[Site "St Petersburg RUS"]
[Date "2011.10.14"]
[Round "1.99"]
[White "Bondarenko, Dmitry"]
[Black "Vastrukhin, Oleg"]
[Result "0-1"]
[WhiteElo "1894"]
[BlackElo "2361"]
[WhiteFideId "34105708"]
[BlackFideId "4192770"]
[EventDate "2011.10.14"]

1. d4 Nf6 2. Nf3 g6 3. e3 Bg7 4. Be2 O-O 5. O-O d6 6. Nbd2 Nbd7 7. e4 e5 8. dxe5
dxe5 9. b4 b6 10. Bb2 Qe7 11. a3 Bb7 12. Bd3 c5 13. Bc3 c4 14. Bxc4 Rac8 15. Bb2
Nxe4 16. Re1 Nxd2 17. Nxd2 Rfd8 18. Qe2 Qg5 19. f3 Nf6 20. Rad1 Rxd2 21. Qxd2
Qh4 22. Bb3 e4 23. Bxf6 Bxf6 24. Qd7 exf3 25. Qxf7+ Kh8 26. Re8+ Rxe8 27. Qxe8+
Kg7 28. Rd7+ Kh6 29. Qe3+ Bg5 30. Qf2 Qf4 31. Rd1 Qe3 32. Re1 Qc3 33. h4 Bd2 34.
Re7 fxg2 35. Kh2 Bc8 36. Qf8+ Kh5 37. Rxh7+ Kg4 38. Kxg2 Qg3+ 39. Kf1 Ba6+ 40.
c4 Qxb3 41. b5 Qxc4+ 42. Kg2 Qe4+ 43. Kg1 Be3+ 44. Kh2 Qc2+ 45. Kh1 Qd1+ 0-1

[Event "Chigorin Memorial Open"]
[Site "St Petersburg RUS"]
[Date "2011.10.14"]
[Round "1.100"]
[White "Egorov, Dmitry"]
[Black "Bondarev, Ivan"]
[Result "1-0"]
[WhiteTitle "FM"]
[WhiteElo "2353"]
[BlackElo "1892"]
[WhiteFideId "4128303"]
[BlackFideId "4185110"]
[EventDate "2011.10.14"]

1. e4 c5 2. Nf3 Nf6 3. e5 Nd5 4. g3 e6 5. Bg2 Nc6 6. O-O d6 7. exd6 Bxd6 8. d4
cxd4 9. Nxd4 Nxd4 10. Qxd4 Nf6 11. c4 O-O 12. Rd1 Be7 13. Qxd8 Rxd8 14. Rxd8+
Bxd8 15. Nc3 a6 16. b4 Bc7 17. a4 Rb8 18. a5 b6 19. axb6 Rxb6 20. b5 axb5 21.
Be3 Ra6 22. Rxa6 Bxa6 23. cxb5 Bc8 24. b6 Be5 25. Na4 Nd5 26. Bxd5 exd5 27. Nc5
d4 28. Bf4 d3 29. Nxd3 Bd4 30. Be3 Bxb6 31. Bxb6 g5 32. f4 f6 33. Kf2 Bf5 34.
Ke3 Kf7 35. Bd8 h6 36. Nc5 Bh7 37. Nd7 f5 38. fxg5 hxg5 39. Bxg5 1-0

[Event "Chigorin Memorial Open"]
[Site "St Petersburg RUS"]
[Date "2011.10.14"]
[Round "1.101"]
[White "Sladkov, Andrey"]
[Black "Derbenev, Andrey"]
[Result "0-1"]
[WhiteElo "1885"]
[BlackElo "2353"]
[WhiteFideId "24160350"]
[BlackFideId "4154169"]
[EventDate "2011.10.14"]

1. e4 c5 2. c3 e6 3. Nf3 d5 4. exd5 exd5 5. Bb5+ Nc6 6. Ne5 Qc7 7. d4 Bd6 8. Qe2
Ne7 9. Nxc6 bxc6 10. dxc5 Bxc5 11. Bd3 O-O 12. O-O Ng6 13. Bxg6 hxg6 14. Nd2 a5
15. Re1 Ba6 16. Qd1 Qb6 17. Qf3 Rae8 18. Rxe8 Rxe8 19. h3 Bxf2+ 0-1

[Event "Chigorin Memorial Open"]
[Site "St Petersburg RUS"]
[Date "2011.10.14"]
[Round "1.103"]
[White "Zakharov, Yuri"]
[Black "Shchukin, Dmitry"]
[Result "0-1"]
[BlackTitle "IM"]
[WhiteElo "1869"]
[BlackElo "2344"]
[WhiteFideId "4166620"]
[BlackFideId "4121724"]
[EventDate "2011.10.14"]

1. Nf3 Nf6 2. g3 d5 3. Bg2 c6 4. d4 Bf5 5. b3 e6 6. O-O h6 7. Bb2 Be7 8. Nbd2 a5
9. a3 O-O 10. Ne5 b5 11. c4 bxc4 12. bxc4 Qb6 13. Bc3 Rd8 14. Qa4 Qa6 15. Rfc1
Nfd7 16. e4 dxe4 17. Nxe4 Nb6 18. Qb3 f6 19. Nc5 Bxc5 20. dxc5 N6d7 21. Nxd7
Nxd7 22. Bd4 e5 23. Be3 a4 24. Qc3 Rab8 25. Rd1 Rb3 26. Qe1 Bd3 27. Bh3 e4 28.
Bg2 Re8 29. Qd2 Ne5 30. Qc1 Qxc4 31. Qxc4+ Nxc4 32. Bc1 Re5 33. Bh3 Kf7 34. Bf4
Rxc5 35. Rdc1 g5 36. Be3 Rd5 37. Ba7 Ne5 38. Rc5 g4 39. Bg2 Ke6 40. Rcc1 Kd6 41.
Be3 h5 42. Bf4 c5 43. h4 c4 44. Bd2 f5 45. Bb4+ Kc6 46. Bc3 Kb5 47. Ra2 Nc6 48.
Rb2 Nd4 49. Bf1 Nf3+ 50. Kg2 Rxb2 51. Bxb2 Nd2 52. Bxd3 exd3 53. Bc3 Ne4 0-1

[Event "Chigorin Memorial Open"]
[Site "St Petersburg RUS"]
[Date "2011.10.14"]
[Round "1.104"]
[White "Ageichenko, Genadi A"]
[Black "Stroganov, Anatoly"]
[Result "1-0"]
[WhiteTitle "IM"]
[WhiteElo "2343"]
[BlackElo "1866"]
[WhiteFideId "4105222"]
[BlackFideId "4178955"]
[EventDate "2011.10.14"]

1. e4 d6 2. d4 Nf6 3. Nc3 g6 4. g3 Bg7 5. Bg2 Nbd7 6. Nge2 c5 7. O-O O-O 8. h3
Rb8 9. a4 cxd4 10. Nxd4 Ne5 11. b3 Ne8 12. Be3 Bd7 13. Qd2 b6 14. Nd5 Rc8 15. c4
Nc6 16. Rad1 Na5 17. Rb1 Nb7 18. Bg5 f6 19. Be3 Nc5 20. Rfe1 e6 21. Nc3 Nc7 22.
Ndb5 Bxb5 23. axb5 Qe7 24. b4 Nd7 25. f4 Ne8 26. Bf1 Nb8 27. Rbc1 Rf7 28. Na4
Kh8 29. c5 dxc5 30. bxc5 bxc5 31. Nxc5 Bf8 32. Red1 Ng7 33. Na6 Rxc1 34. Rxc1
Qe8 35. Qc2 h5 36. Qc8 Nxa6 37. Qxe8 Nxe8 38. bxa6 Nc7 39. Rb1 Ne8 40. Rb7 Kg7
41. Bxa7 Nd6 42. Rxf7+ Kxf7 43. Be3 Ne8 44. Bb6 Bd6 45. Kg2 Bb8 46. e5 fxe5 47.
fxe5 Ng7 48. g4 Ke7 49. Bb5 Kf7 50. Kf3 h4 51. Ke4 Ne8 52. Bxe8+ 1-0

[Event "Chigorin Memorial Open"]
[Site "St Petersburg RUS"]
[Date "2011.10.14"]
[Round "1.105"]
[White "Khatenever, Feliks"]
[Black "Dimukhametov, Artur"]
[Result "1/2-1/2"]
[BlackTitle "FM"]
[WhiteElo "1864"]
[BlackElo "2337"]
[WhiteFideId "4131800"]
[BlackFideId "4195680"]
[EventDate "2011.10.14"]

1. d4 e6 2. Nf3 d5 3. e3 c5 4. b3 Nf6 5. Bd3 Be7 6. Nbd2 Nc6 7. a3 Qb6 8. dxc5
Qxc5 9. Bb2 O-O 10. O-O Rd8 11. Qe2 Bd7 12. Rac1 Rac8 13. c4 dxc4 14. Nxc4 Qh5
15. Rfd1 Nd5 16. Nce5 Be8 17. Nxc6 Rxc6 18. Nd4 Qxe2 19. Bxe2 Rb6 20. Bc4 Bf6
21. Ba1 Ne7 22. Nf3 Rxd1+ 23. Rxd1 Bxa1 24. Rxa1 Rd6 25. Kf1 b5 26. Be2 f6 27.
Rc1 a6 28. Ke1 Nd5 29. g3 a5 30. Nd4 b4 31. axb4 Nxb4 32. Rc8 Kf7 33. Bc4 Bd7
34. Ra8 Ke7 35. Rxa5 e5 36. Nb5 Rb6 37. Nc3 Bc6 38. Ra7+ 1/2-1/2

[Event "Chigorin Memorial Open"]
[Site "St Petersburg RUS"]
[Date "2011.10.14"]
[Round "1.106"]
[White "Dzhangobegov, Vladimir"]
[Black "Fokin, Anatoly"]
[Result "1-0"]
[WhiteElo "2333"]
[BlackElo "1858"]
[WhiteFideId "4180984"]
[BlackFideId "24124451"]
[EventDate "2011.10.14"]

1. e4 e5 2. f4 d6 3. Nf3 Bg4 4. Bc4 Bxf3 5. Qxf3 Nd7 6. O-O Ngf6 7. c3 h5 8. d4
c6 9. fxe5 dxe5 10. Be3 Bd6 11. Nd2 Qc7 12. d5 c5 13. a4 a6 14. Rab1 Rb8 15. b4
Nb6 16. a5 Nbd7 17. b5 axb5 18. Bxb5 Qxa5 19. Bxd7+ Kxd7 20. Nc4 Qc7 21. Rb6 Bf8
22. d6 Qd8 23. Nxe5+ Ke8 24. d7+ Qxd7 25. Nxd7 Kxd7 1-0

[Event "Chigorin Memorial Open"]
[Site "St Petersburg RUS"]
[Date "2011.10.14"]
[Round "1.107"]
[White "Trofimchuk, Vladimir"]
[Black "Charochkina, Daria"]
[Result "0-1"]
[BlackTitle "WIM"]
[WhiteElo "1857"]
[BlackElo "2332"]
[WhiteFideId "4199227"]
[BlackFideId "4180917"]
[EventDate "2011.10.14"]

1. d4 d5 2. Nf3 Nf6 3. e3 g6 4. c4 Bg7 5. Nc3 O-O 6. cxd5 Nxd5 7. e4 Nxc3 8.
bxc3 c5 9. Be3 Bg4 10. Be2 Bxf3 11. Bxf3 cxd4 12. cxd4 Qa5+ 13. Qd2 Qa6 14. Rc1
Rd8 15. d5 Nd7 16. Be2 Qa3 17. O-O Rac8 18. Bg4 Bc3 19. Qe2 Qa4 20. f3 Rc4 21.
Bxd7 Rxd7 22. Rfd1 b5 23. h4 Rdc7 24. d6 exd6 25. Rxd6 Be5 26. Rd8+ Kg7 27. Rcd1
Rc2 28. R1d2 Rc1+ 29. Kf2 Bf6 30. Bd4 Qa6 0-1

[Event "Chigorin Memorial Open"]
[Site "St Petersburg RUS"]
[Date "2011.10.14"]
[Round "1.108"]
[White "Frolochkin, Vladimir"]
[Black "Egorov, Daniil"]
[Result "1-0"]
[WhiteElo "2331"]
[BlackElo "1826"]
[WhiteFideId "4181050"]
[BlackFideId "24171956"]
[EventDate "2011.10.14"]

1. e4 c5 2. Ne2 d6 3. g3 Nf6 4. Bg2 e6 5. c3 Nc6 6. d4 Be7 7. O-O O-O 8. h3 Qc7
9. f4 cxd4 10. cxd4 Nb4 11. Nbc3 Qc4 12. a3 Nc6 13. Be3 Qa6 14. b4 Qb6 15. Qd2
Qd8 16. Rac1 a6 17. Kh2 Re8 18. d5 Na7 19. a4 Nd7 20. g4 e5 21. f5 h6 22. Ng1
Nf8 23. Nf3 Nh7 24. Qf2 Ng5 25. Bxa7 Nxf3+ 26. Bxf3 Bg5 27. Be3 Bxe3 28. Qxe3
Bd7 29. Bd1 Rc8 30. Bb3 Qh4 31. Ne2 Rxc1 32. Rxc1 Rc8 33. Rxc8+ Bxc8 34. Ng1 Qd8
35. Nf3 Qc7 36. h4 Bd7 37. Kg3 Be8 38. g5 h5 39. g6 fxg6 40. fxg6 Bxg6 41. Nxe5
Qc8 42. Nxg6 Qg4+ 43. Kf2 Qxg6 44. Qf4 b6 45. Qf5 Qh6 46. Qe6+ 1-0